Funkce účetnictví v transformujícím se českém podniku

Význam správne vytvoreného a realizovaného účtovného systému ako predpoklady úspešného rozvoja podniku v podmienkach dynamického trhového hospodárstva. Vnútropodnikové (manažérske) účtovníctvo a jeho význam. Podnikové účtovné informácie a ich využívanie. Manažérske využívanie metód a nástrojov finan...

ver descrição completa

Na minha lista:
Detalhes bibliográficos
Autor principal: Čuba, M.
Formato: Capítulo de Livro
Idioma:tcheco
Assuntos:
Tags: Adicionar Tag
Sem tags, seja o primeiro a adicionar uma tag!

MARC

LEADER 00000naa a2200000 4500
001 r021298
005 20230913080506.1
041 0 |a cze 
044 |a CZ 
245 1 0 |a Funkce účetnictví v transformujícím se českém podniku  |c M. Čuba 
520 |a Význam správne vytvoreného a realizovaného účtovného systému ako predpoklady úspešného rozvoja podniku v podmienkach dynamického trhového hospodárstva. Vnútropodnikové (manažérske) účtovníctvo a jeho význam. Podnikové účtovné informácie a ich využívanie. Manažérske využívanie metód a nástrojov finančnej analýzy. Hodnotenie hospodárskych javov. Fundamentálna a technická analýza. Dôležitosť zaistenia porovnateľnosti údajov v účtovných výkazoch a tiež porovnateľnosť podnikov. 
610 2 0 |a účtovníctvo 
610 2 0 |a účtovníctvo vnútropodnikové 
610 2 0 |a účtovníctvo manažérske 
610 2 0 |a analýza finančná 
610 2 0 |a rozbory činnosti hospodárskej 
610 2 0 |a podnik 
610 2 0 |a transformácia 
610 2 0 |a Česko 
100 1 |a Čuba, M.